000 00468nam a22001695i 4500
001 19485384
005 20180215112026.0
008 170208s2017 nyu 000 0 eng
020 _a9783662544266
040 _cPK-LaUMT
082 _a610.28
_bMET-
245 0 0 _aMetaheuristics for medicine and biology /
_cedited by Amir Nakib and El-Ghazali Talbi
260 _aBerlin :
_bSpringer,
_c2017
300 _a211 p.
650 _aBiomedical engineering
942 _cBK
999 _c103251
_d103251